00613nam a22001457a 4500003000900000005001700009008004100026040001300067100005200080245009800132250000600230260008300236300001800319520013000337IT-RoPau20220918181102.0130321b xxu||||| |||| 00| 0 eng d cIT-RoPau aCommissione precapitolare per la Vita religiosa aRisultati della consultazione. Analisi e Proposte. Indici Tor San Lorenzo 20/03 - 16/04/ 1975 aI aTor San Lorenzo (Roma) bCommissione precapitolare per la Vita religiosac1975 a29 pp.c28 cm aIndice Presentazione Parte Prima - Risultati della consultazione Parte Seconda - Analisi e proposte Parrte Terza - Indici